MARC

LEADER 00000nam0a2200000 4500
001 221274
005 20231031195627.0
010 |a 5520000166 
020 |a RU  |b 89-9949ж 
035 |a (RuTPU)RU\TPU\book\241423 
090 |a 221274 
100 |a 20120908a1988 k a0rusy5003 ca 
101 0 |a rus 
102 |a GE 
105 |a a z 001zy 
200 1 |a Атлас составов конденсированной и газовой фаз системы "кремнезем - углерод"  |f В. Ю. Миндин, С. М. Мазмишвили, Д. В. Эристави  |g Академия наук Грузинской ССР, Геологический институт им. А. И. Джанелидзе 
210 |a Тбилиси  |c Мецниереба  |d 1988 
215 |a 99 с.  |c ил.  |d 20 см 
225 1 |a Труды геологического института им. А. И. Джанелидзе  |v Вып. 96 
320 |a Библиогр.: с. 97-98 (10 назв.) 
610 1 |a кремнезем 
610 1 |a углерод 
610 1 |a исследование в системах 
610 1 |a атласы 
675 |a 669.017.3  |z rus 
700 1 |a Миндин  |b В. Ю.  |g Владимир Юдович  |4 070 
701 1 |a Мазмишвили  |b С. М.  |g Сейран Михайлович 
701 1 |a Эристави  |b Д. В.  |g Дмитрий Викторович 
712 0 2 |a Академия наук Грузинской ССР (АН ГрузССР)  |b Геологический институт  |2 stltpush  |3 (RuTPU)RU\TPU\col\12806 
801 0 |a RU  |b RuMRKP  |c 19950417  |g psbo 
801 1 |a RU  |b 63413507  |c 20120908 
801 2 |a RU  |b 63413507  |c 20160212  |g RCR 
942 |c BK